Fifty Easiest Capital Cities - Statistics

General Stats
  • This quiz has been taken 116 times
  • The average score is 46 of 52
Answer Stats
%Guessed Country Capital % Correct
85% Germany Berlin
100%
87% United Kingdom London
100%
80% Russia Moscow
100%
90% France Paris
100%
78% Japan Tokyo
100%
84% United States Washington D.C.
100%
80% Greece Athens
99%
78% Ireland Dublin
99%
87% Italy Rome
99%
81% Spain Madrid
98%
75% China Beijing
97%
73% Mexico Mexico City
97%
69% India New Delhi
96%
67% Egypt Cairo
95%
75% Norway Oslo
95%
73% Netherlands Amsterdam
94%
72% Vatican City Vatican City
94%
74% Brazil Brasilia
93%
73% Austria Vienna
93%
72% Belgium Brussels
91%
62% Monaco Monaco
91%
66% Canada Ottawa
91%
68% Finland Helsinki
90%
71% Portugal Lisbon
90%
62% Luxembourg Luxembourg
90%
64% Peru Lima
89%
66% Australia Canberra
88%
69% Denmark Copenhagen
88%
64% South Korea Seoul
88%
66% Sweden Stockholm
88%
62% Ukraine Kiev
87%
66% Poland Warsaw
87%
67% Hungary Budapest
86%
67% Argentina Buenos Aires
86%
55% Thailand Bangkok
85%
62% Switzerland Bern
84%
58% Cuba Havana
84%
54% Singapore Singapore
84%
52% San Marino San Marino
82%
60% Iraq Baghdad
81%
60% Israel Jerusalem
81%
55% Iran Tehran
81%
52% South Africa Pretoria, Cape Town or Bloemfontein
80%
59% Iceland Reykjavik
80%
54% New Zealand Wellington
80%
67% Czech Republic Prague
79%
52% Jamaica Kingston
77%
58% Chile Santiago
77%
54% Turkey Ankara
76%
52% Colombia Bogota
75%
58% Bulgaria Sofia
75%
54% Afghanistan Kabul
74%
No matching quizzes found
Score Distribution
Percent of People with Each Score
Percentile by Number Answered
Your Score History
You have not taken this quiz